000
00311nam a22001337a 4500
008
170627b xxu||||| |||| 00| 0 eng d
020
_a
9780205674596
041
_a
eng
080
_2
5TH
_a
05
100
_a
21
101
_a
GJL
245
_a
A BRIEF GUIDE TO WRITING FROM READINGS
_c
WILHOIT,S
942
_2
udc
_c
BK
999
_c
19224
_d
19224